LEADER 01394oam 2200433zu 450 001 9910164702803321 005 20210807002101.0 010 $a0-8031-4814-3 035 $a(CKB)3170000000045137 035 $a(SSID)ssj0001489994 035 $a(PQKBManifestationID)11899280 035 $a(PQKBTitleCode)TC0001489994 035 $a(PQKBWorkID)11459384 035 $a(PQKB)11575757 035 $a(NjHacI)993170000000045137 035 $a(EXLCZ)993170000000045137 100 $a20160829d1981 uy 101 0 $aeng 135 $aur||||||||||| 181 $ctxt 182 $cc 183 $acr 200 10$aMethods and Models for Predicting Fatigue Crack Growth under Random Loading 210 31$a[Place of publication not identified]$cAmerican Society for Testing & Materials$d1981 215 $a1 online resource (138 pages) 225 1 $aASTM special technical publication ;$v748 300 $aBibliographic Level Mode of Issuance: Monograph 311 $a0-8031-0715-3 410 0$aASTM special technical publication$v748. 606 $aFracture mechanics 615 0$aFracture mechanics. 676 $a620.1126 700 $aChang$b J. B$0881240 702 $aHudson 801 0$bPQKB 906 $aBOOK 912 $a9910164702803321 996 $aMethods and Models for Predicting Fatigue Crack Growth under Random Loading$92206712 997 $aUNINA